[Event "FICGS rapid A 000029 email"]
[Site "FICGS email"]
[Date "2007.10.26"]
[Round "1"]
[White "Singh, Arun"]
[Black "Skwarczylo, Marek"]
[Result "0-1"]
[WhiteElo "1800"]
[BlackElo "2006"]
[PlyCount "72"]
[EventDate "2007.??.??"]
[EventType "tourn (rapid)"]
[EventRounds "6"]
[SourceTitle "Corr 2022"]
[Source "ChessBase"]
[SourceDate "2021.10.24"]
[SourceVersion "1"]
[SourceVersionDate "2021.10.24"]
[SourceQuality "1"]

1. e4 c5 2. Nf3 Nc6 3. Nc3 g6 4. d3 Bg7 5. Bd2 Nf6 6. Be2 0-0 7. 0-0 d6 8. Qc1 Re8 9. h3 b6 10. a3 Bb7 11. Bh6 Bh8 12. Re1 a6 13. Bf4 Qc7 14. Qd2 Nd4 15. Rab1 Rac8 16. a4 Qc6 17. e5 Nh5 18. Bd1 Nxf4 19. Qxf4 Bxe5 20. Qg5 Bf6 21. Qd2 Bg7 22. Qg5 e6 23. Ne4 h6 24. Qg3 Nf5 25. Qf4 e5 26. Qd2 d5 27. Nc3 e4 28. dxe4 dxe4 29. Nxe4 Rxe4 30. Rxe4 Qxe4 31. Be2 Nd4 32. Bd1 Rd8 33. Qe1 Nxf3+ 34. Bxf3 Qxe1+ 35. Rxe1 Bxf3 36. gxf3 Rd2 0-1

[Event "FICGS rapid A 000029 email"]
[Site "FICGS email"]
[Date "2007.10.26"]
[Round "1"]
[White "Staggat, Rolf"]
[Black "Singh, Arun"]
[Result "1-0"]
[WhiteElo "1817"]
[BlackElo "1800"]
[PlyCount "53"]
[EventDate "2007.??.??"]
[EventType "tourn (rapid)"]
[EventRounds "6"]
[SourceTitle "Corr 2022"]
[Source "ChessBase"]
[SourceDate "2021.10.24"]
[SourceVersion "1"]
[SourceVersionDate "2021.10.24"]
[SourceQuality "1"]

1. e4 e5 2. Nf3 Nc6 3. d4 exd4 4. Nxd4 Nxd4 5. Qxd4 d6 6. Nc3 Nf6 7. Bg5 Be7 8. 0-0-0 0-0 9. e5 dxe5 10. Qxe5 Qe8 11. Qxc7 Bd8 12. Qg3 a6 13. Bd3 Qc6 14. Rhe1 Bc7 15. Qh4 h6 16. Bxf6 Qxf6 17. Qxf6 gxf6 18. Nd5 Be5 19. f4 Bd4 20. Be4 Bc5 21. Nxf6+ Kg7 22. Nd7 Bxd7 23. Rxd7 Rab8 24. Bxb7 Bb4 25. c3 Bc5 26. Bxa6 Rfe8 27. Rxe8 1-0